[Event "La Florida CupT 23rd"]
[Site "La Florida"]
[Date "2023.07.16"]
[Round "4.2"]
[White "Allen Leydenz, Christian Gabriel"]
[Black "Esparragoza, Orangel Jose"]
[Result "1-0"]
[WhiteElo "1509"]
[BlackElo "1360"]
[PlyCount "73"]
[EventDate "2023.07.15"]
[EventType "team-swiss"]
[EventRounds "5"]
[EventCountry "VEN"]
[SourceTitle "EXT 2024"]
[Source "ChessBase"]
[SourceDate "2023.10.10"]
[SourceVersion "1"]
[SourceVersionDate "2023.10.10"]
[SourceQuality "1"]
[WhiteTeam "Hibrido Juvenil"]
[BlackTeam "Talento Juvenil"]
[WhiteTeamCountry "VEN"]
[BlackTeamCountry "VEN"]

1. e4 d5 2. exd5 Nf6 3. Nc3 Nxd5 4. Bc4 Nxc3 5. bxc3 Bf5 6. Qf3 e6 7. Qxb7 Nd7 8. d3 Bd6 9. Ne2 0-0 10. Be3 Nf6 11. h3 e5 12. Ng3 Bg6 13. 0-0 Nd7 14. Rab1 Qh4 15. Bd5 Nc5 16. Qb5 a6 17. Qa5 Ne6 18. Bxa8 Rxa8 19. Qd5 Rf8 20. Ne4 Bxe4 21. dxe4 Qe7 22. Qc6 Nf4 23. Bxf4 exf4 24. f3 Bc5+ 25. Kh1 a5 26. Rb7 Bb6 27. Qxb6 Qa3 28. Qb3 Qc5 29. Rb8 h6 30. Rxf8+ Qxf8 31. Rb1 Kh7 32. Qd5 Qe7 33. Qxa5 g6 34. Qd5 Qf6 35. e5 Qf5 36. Rd1 h5 37. e6 1-0